The secret of NIMH / Mrs. Frisby, Ltd. ; Aurora ; ... Read More
Available copies
- 2 of 2 copies available at LARL/NWRL Consortium.
Current holds
0 current holds with 2 total copies.
Show Only Available Copies
| Location | Call Number / Copy Notes | Barcode | Shelving Location | Status | Due Date |
|---|---|---|---|---|---|
| Godel Memorial-Warren Library | DVD j SEC (Text) | 35500005628969 | Main | Available | - |
| Thief River Falls Public Library | DVD j SEC (Text) | 35500004333165 | Main | Available | - |
Record details
- ISBN: 0792839293
- ISBN: 9780792839293
- Physical Description: 1 videodisc (83 min.) : sd., col. ; 4 3/4 in.
- Publisher: Santa Monica, CA : MGM/UA Home Video, c2003.
Content descriptions
| General Note: | Animated. Based on: Mrs. Frisby and the rats of NIMH / Robert C. O'Brien. Originally released as a motion picture in 1982. Features: 8-page booklet featuring a step-by-step, child's eye view of the animation process; ... Read More |
| Creation/Production Credits Note: | Directing animators, John Pomeroy, Gary Goldman; ... Read More |
| Participant or Performer Note: | Features the voices of Hermione Baddeley, John ... Read More |
| Summary, etc.: | Mrs. Frisby, a mother mouse, saves her house from ... Read More |
| Target Audience Note: | MPAA rating: G. |
| System Details Note: | DVD Dolby digital stereo. |
| Terms Governing Use and Reproduction Note: | For private home use only. |
| Language Note: | In English with French subtitles. Closed captioned. |
Search for related items by subject
| Subject: | O'Brien, Robert C. > Film adaptations. Mice > Drama. Animal experimentation > Drama. |
| Genre: | Animated films. Children's films. Film adaptations. Video recordings for the hearing impaired. Feature films. DVDs. |
| LDR | 02885cgm a2200637Ia 4500 | ||
|---|---|---|---|
| 001 | 78107 | ||
| 003 | LARL_NWRL_CONSORTIUM | ||
| 005 | 20180503192502.0 | ||
| 007 | vd cvaizq | ||
| 008 | 060628p20031982cau083 g vaeng d | ||
| 020 | . | ‡a0792839293 | |
| 020 | . | ‡a9780792839293 | |
| 024 | 1 | . | ‡a027616703729 |
| 028 | 4 | 2. | ‡a907037 ‡bMGM/UA Home Entertainment |
| 035 | . | ‡a(OCoLC)54389401 ‡z(OCoLC)70203121 | |
| 040 | . | ‡aMVQ ‡cMVQ ‡dMVQ ‡dOCLCQ ‡dNRG | |
| 041 | 0 | . | ‡aeng ‡beng ‡bfre |
| 082 | 0 | 4. | ‡a791.43/3 ‡221 |
| 245 | 0 | 4. | ‡aThe secret of NIMH / ‡cMrs. Frisby, Ltd. ; Aurora ; produced by Don Bluth, Gary Goldman, and James L. Stewart ; directed by Don Bluth ; written by Don Bluth ... [et al.]. |
| 260 | . | ‡aSanta Monica, CA : ‡bMGM/UA Home Video, ‡cc2003. | |
| 300 | . | ‡a1 videodisc (83 min.) : ‡bsd., col. ; ‡c4 3/4 in. | |
| 500 | . | ‡aAnimated. | |
| 500 | . | ‡aBased on: Mrs. Frisby and the rats of NIMH / Robert C. O'Brien. | |
| 500 | . | ‡aOriginally released as a motion picture in 1982. | |
| 500 | . | ‡aFeatures: 8-page booklet featuring a step-by-step, child's eye view of the animation process; original theatrical trailer; scene selections. | |
| 508 | . | ‡aDirecting animators, John Pomeroy, Gary Goldman; music by Jerry Goldsmith. | |
| 511 | 0 | . | ‡aFeatures the voices of Hermione Baddeley, John Carradine, Dom DeLuise, Elizabeth Hartman, Derek Jacobi. |
| 520 | . | ‡aMrs. Frisby, a mother mouse, saves her house from the farmer's plow with the help of a crow, an owl and some highly intelligent rats. | |
| 521 | 8 | . | ‡aMPAA rating: G. |
| 538 | . | ‡aDVD Dolby digital stereo. | |
| 540 | . | ‡aFor private home use only. | |
| 546 | . | ‡aIn English with French subtitles. | |
| 546 | . | ‡aClosed captioned. | |
| 600 | 1 | 0. | ‡aO'Brien, Robert C. ‡vFilm adaptations. |
| 650 | 0. | ‡aMice ‡vDrama. | |
| 650 | 0. | ‡aAnimal experimentation ‡vDrama. | |
| 655 | 0. | ‡aAnimated films. ‡0(LARL_NWRL_CONSORTIUM)175704 | |
| 655 | 0. | ‡aChildren's films. ‡0(LARL_NWRL_CONSORTIUM)175624 | |
| 655 | 0. | ‡aFilm adaptations. ‡0(LARL_NWRL_CONSORTIUM)175712 | |
| 655 | 0. | ‡aVideo recordings for the hearing impaired. ‡0(LARL_NWRL_CONSORTIUM)175744 | |
| 655 | 0. | ‡aFeature films. ‡0(LARL_NWRL_CONSORTIUM)175625 | |
| 655 | 0. | ‡aDVDs. | |
| 700 | 1 | . | ‡aBluth, Don. ‡0(LARL_NWRL_CONSORTIUM)115256 |
| 700 | 1 | . | ‡aBaddeley, Hermione, ‡d1908-1986. ‡0(LARL_NWRL_CONSORTIUM)81437 |
| 700 | 1 | . | ‡aCarradine, John. ‡0(LARL_NWRL_CONSORTIUM)71249 |
| 700 | 1 | . | ‡aDeLuise, Dom. ‡0(LARL_NWRL_CONSORTIUM)61448 |
| 700 | 1 | . | ‡aO'Brien, Robert C. ‡tMrs. Frisby and the rats of NIMH. |
| 710 | 2 | . | ‡aMrs. Frisby Ltd. |
| 710 | 2 | . | ‡aAurora Productions. ‡0(LARL_NWRL_CONSORTIUM)181082 |
| 710 | 2 | . | ‡aMGM/UA Home Entertainment Inc. ‡0(LARL_NWRL_CONSORTIUM)141509 |
| 901 | . | ‡a78107 ‡bOCLC ‡c78107 ‡tbiblio | |

Add to basket
Permalink
Disable Highlighting